LEADER 01623nas 2200565-a 450 001 996218519303316 005 20230213213019.0 011 $a1873-5169 035 $a(DE-599)ZDB2019194-7 035 $a(OCoLC)39127299 035 $a(CKB)954925491893 035 $a(CONSER)--2003233954 035 $a(EXLCZ)99954925491893 100 $a19980515a19809999 s-- a 101 0 $aeng 135 $aurmnu|||||||| 181 $ctxt$2rdacontent 182 $cc$2rdamedia 183 $acr$2rdacarrier 200 10$aPeptides 210 $aKidlington, Oxford $cElsevier Science Ltd 215 $a1 online resource 300 $aRefereed/Peer-reviewed 311 $a0196-9781 531 $aPEPTIDES NEW YORK 531 $aPEPTIDES AN INTERNATIONAL JOURNAL 531 $aPEPTIDES (N Y) 606 $aPeptides$xPhysiological effect$vPeriodicals 606 $aPeptides$vPeriodicals 606 $aPeptides 606 $aPeptides$vperiodicals 606 $aPeptides$xEffets physiologiques$vPériodiques 606 $aPeptides$xPhysiological effect$2fast$3(OCoLC)fst01057572 606 $aPeptide$2gnd 606 $aZeitschrift$2gnd 606 $aOnline-Ressource$2gnd 608 $aPeriodicals.$2fast 615 0$aPeptides$xPhysiological effect 615 2$aPeptides 615 2$aPeptides 615 2$aPeptides 615 6$aPeptides$xEffets physiologiques 615 7$aPeptides$xPhysiological effect. 615 7$aPeptide 615 7$aZeitschrift 615 7$aOnline-Ressource 906 $aJOURNAL 912 $a996218519303316 996 $aPeptides$9379086 997 $aUNISA